It must be beautiful : (Record no. 29921)

000 -LEADER
fixed length control field 00569 a2200169 4500
020 ## - INTERNATIONAL STANDARD BOOK NUMBER
International Standard Book Number 1862075557
020 ## - INTERNATIONAL STANDARD BOOK NUMBER
International Standard Book Number 9781862075559
082 ## - DEWEY DECIMAL CLASSIFICATION NUMBER
Classification number 511.33
090 ## - LOCALLY ASSIGNED LC-TYPE CALL NUMBER (OCLC); LOCAL CALL NUMBER (RLIN)
-- 1308
-- 1308
100 ## - MAIN ENTRY--PERSONAL NAME
Personal name Farmelo, Graham.
245 10 - TITLE STATEMENT
Title It must be beautiful :
Remainder of title great equations of modern science /
Statement of responsibility, etc. Graham Farmelo.
260 ## - PUBLICATION, DISTRIBUTION, ETC.
Place of publication, distribution, etc. [S.l.] :
Name of publisher, distributor, etc. Granta UK,
Date of publication, distribution, etc. 2002.
300 ## - PHYSICAL DESCRIPTION
Extent 300 p. ;
Dimensions 20 cm.
700 1# - ADDED ENTRY--PERSONAL NAME
Personal name Farmelo, Graham.
942 ## - ADDED ENTRY ELEMENTS (KOHA)
Institution code [OBSOLETE] SNS
Koha item type Book
Call number prefix 511.33 FAR
Holdings
Withdrawn status Lost status Damaged status Not for loan Permanent Location Current Location Date acquired Total Checkouts Full call number Barcode Date last seen Price effective from Koha item type
        School of Natural Sciences (SNS) School of Natural Sciences (SNS) 05/26/2016   511.33 FAR SNS0001347 12/26/2017 05/26/2016 Book
© 2023 Central Library, National University of Sciences and Technology. All Rights Reserved.